000
00268nam a22001217a 4500
008
170529b xxu||||| |||| 00| 0 eng d
041
_a
eng
080
_a
621.3
100
_a
26
101
_a
IM
245
_a
FUNDAMENTALS OF ELECTRICITY
_c
OWENS, J.B
942
_2
udc
_c
BK
999
_c
14885
_d
14885